Datum a čas kvízu
34.5
Celkem bodů
Celkový počet nahraných bodů na tomto kvízu bez doplňovacích otázek.
3.
Pořadí na kvízu
Konečné umístění týmu na tomto kvízu.
Zaznamenané odpovědi
| # | Otázka | Odpověď | Body | Výsledky |
|---|---|---|---|---|
| 1. | Uveďte lidový název pěvce, jen... | černohlávek | 0 | |
| 2. | Co neobvyklého našli lékaři v... | dělostřelecký granát | 1 | |
| 3. | Jak se jmenuje festival zaměře... | D) P*fest | 0 | |
| 4. | Která fiktivní postava z fanta... | B) Draco Malfoy | 1 | |
| 5. | Německá olympionička Franziska... | A | 1 | |
| 6. | 29. května roku 1500 umírá pob... | Bartolomeu Dias | 0 | |
| 7. | 8. února 1700 se narodil Danie... | A) proudění tekutin | 1 | |
| 8. | Za kulatý letopočet budeme dne... | Brouček | 1 | |
| 9. | 16. listopadu 1900 se v Olomou... | Eliška Junková | 0 | |
| 10. | Od 15. září do 1. října 2000 s... | Jan Železný; Sydney | 0.5 |